000 01162nam a2200253Ia 4500
999 _c38528
_d38528
001 4629
003 GE_BSU
005 20190510190245.0
008 181216s|200||||ge |||||||||||||| ||geo||
020 _a9994073516
040 _cGE_BSU
041 _ageo
080 _a316.334 მ–42
100 _aმაცაბერიძე, მალხაზ
_91009
245 _aპოლიტიკური მარკეტინგის საფუძვლები /
_cმალხაზ მაცაბერიძე ; რედ : ლია კაჭარავა
264 _aთბილისი . :
_bმეცნიერება,
_c2003.
300 _a350გვ .;
_c20სმ.
440 _aსოციალურ მეცნიერებათა სერია
_9955
653 _aპოლიტიკური მარკეტინგი
653 _aეკონომიკის პოლიტიკა
700 _aკაჭარავა, ლია
_eრედაქტორი
_91010
710 _eფონდი ღია საზოგადოება - საქართველო
_91011
942 _cBK
_2udc